[Event "EU-ch (Women) 2nd"]
[Site "Warsaw"]
[Date "2001.04.25"]
[Round "4"]
[White "Lopatskaya, Elena V"]
[Black "Kachiani Gersinska, Ketino"]
[Result "1/2-1/2"]
[WhiteElo "2323"]
[BlackElo "2456"]
[PlyCount "34"]
[EventDate "2001.04.22"]
[EventType "swiss"]
[EventRounds "11"]
[EventCountry "POL"]
[SourceTitle "CBM 082 Extra"]
[Source "ChessBase"]
[SourceDate "2001.07.03"]
[SourceVersion "1"]
[SourceVersionDate "2001.07.03"]
[SourceQuality "1"]

1. Nf3 g6 2. b3 Bg7 3. d4 d6 4. Bb2 Nf6 5. g3 0-0 6. Bg2 c5 7. c4 Nc6 8. 0-0 a6 9. Nc3 Rb8 10. dxc5 dxc5 11. Na4 Nd7 12. Bxg7 Kxg7 13. Ng5 Qc7 14. Ne4 b6 15. Nac3 Rd8 16. Nd5 Qe5 17. e3 Nf6 1/2-1/2

[Event "EU-ch (Women) 2nd"]
[Site "Warsaw"]
[Date "2001.04.24"]
[Round "3"]
[White "Lopatskaya, Elena V"]
[Black "Kludacz, Magdalena"]
[Result "1-0"]
[WhiteElo "2323"]
[BlackElo "2203"]
[PlyCount "123"]
[EventDate "2001.04.22"]
[EventType "swiss"]
[EventRounds "11"]
[EventCountry "POL"]
[SourceTitle "CBM 082 Extra"]
[Source "ChessBase"]
[SourceDate "2001.07.03"]
[SourceVersion "1"]
[SourceVersionDate "2001.07.03"]
[SourceQuality "1"]

1. Nf3 d5 2. b3 c6 3. Bb2 Bf5 4. g3 e6 5. Bg2 Nf6 6. 0-0 Nbd7 7. d3 h6 8. Nbd2 Be7 9. e4 dxe4 10. dxe4 Bh7 11. Qe2 0-0 12. Kh1 Qc7 13. a3 a5 14. e5 Nd5 15. Ne4 Nc5 16. Nfd2 Rfd8 17. Rad1 Nxe4 18. Nxe4 Nb6 19. c4 Rxd1 20. Rxd1 Rd8 21. Rxd8+ Qxd8 22. h4 Bxe4 23. Bxe4 Nd7 24. Bc2 Nf8 25. Kg2 Bc5 26. Qe1 Bd4 27. Qd2 c5 28. Be4 b6 29. b4 axb4 30. axb4 f6 31. Bxd4 cxd4 32. exf6 Qxf6 33. c5 bxc5 34. bxc5 Qe5 35. Qc2 Nd7 36. c6 Nc5 37. Bf3 d3 38. Qa2 Qc7 39. Qa8+ Kf7 40. Qa3 Qb6 41. Qc3 Qa7 42. Qe5 Na6 43. Qa5 Qa8 44. Qb6 d2 45. Qd4 Qc8 46. Qxd2 Nb8 47. Qd6 Na6 48. Bh5+ g6 49. Bf3 Nc7 50. h5 gxh5 51. Bxh5+ Kf6 52. Bf3 Ne8 53. Qd7 Qb8 54. Qh7 e5 55. Qxh6+ Ke7 56. Qh7+ Kd6 57. Qd7+ Kc5 58. Qd5+ Kb4 59. g4 Nf6 60. Qf7 e4 61. Bxe4 Nxe4 62. Qb7+ 1-0

[Event "EU-ch (Women) 2nd"]
[Site "Warsaw"]
[Date "2001.04.23"]
[Round "2"]
[White "Kucypera, Anna"]
[Black "Lopatskaya, Elena V"]
[Result "0-1"]
[WhiteElo "2145"]
[BlackElo "2323"]
[PlyCount "76"]
[EventDate "2001.04.22"]
[EventType "swiss"]
[EventRounds "11"]
[EventCountry "POL"]
[SourceTitle "CBM 082 Extra"]
[Source "ChessBase"]
[SourceDate "2001.07.03"]
[SourceVersion "1"]
[SourceVersionDate "2001.07.03"]
[SourceQuality "1"]

1. e4 d6 2. d4 Nf6 3. Nc3 g6 4. Bc4 Bg7 5. Qe2 c6 6. e5 Nd5 7. Nf3 Nxc3 8. bxc3 0-0 9. 0-0 Bg4 10. exd6 exd6 11. h3 Bxf3 12. Qxf3 Nd7 13. Bf4 d5 14. Bd3 Re8 15. Rab1 b5 16. Rfe1 Qa5 17. Be2 Qxa2 18. Qd3 Qa3 19. Ra1 Qe7 20. Ra6 Nb6 21. Qg3 Qb7 22. Raa1 a5 23. h4 h5 24. Bg5 Kh8 25. Bf3 Nc4 26. Qf4 Kh7 27. g4 hxg4 28. Bxg4 f6 29. Bxf6 Rf8 30. Re6 Qf7 31. Rxc6 Ra7 32. h5 Bxf6 33. hxg6+ Qxg6 34. Kg2 Rg7 35. f3 Kg8 36. Rc1 a4 37. Rf1 Qxc2+ 38. Rf2 Qxf2+ 0-1

[Event "RUS-ch (Women)"]
[Site "Elista"]
[Date "2001.??.??"]
[Round "8"]
[White "Lopatskaya, Elena V"]
[Black "Sudakova, Irina"]
[Result "0-1"]
[WhiteElo "2297"]
[BlackElo "2223"]
[PlyCount "94"]
[EventDate "2001.??.??"]
[EventType "swiss"]
[EventRounds "9"]
[EventCountry "RUS"]
[SourceTitle "EXT 2002"]
[Source "ChessBase"]
[SourceDate "2001.11.25"]
[SourceVersion "1"]
[SourceVersionDate "2001.11.25"]
[SourceQuality "1"]

1. Nf3 d5 2. b3 Bg4 3. Bb2 Nd7 4. g3 Ngf6 5. Bg2 e6 6. 0-0 Bd6 7. d4 0-0 8. c4 c6 9. Nc3 Qe7 10. Qc1 Rac8 11. Re1 dxc4 12. bxc4 e5 13. dxe5 Nxe5 14. Nxe5 Bxe5 15. Qe3 Rfe8 16. h3 Bh5 17. f4 Bxc3 18. Qxe7 Rxe7 19. Bxc3 Bxe2 20. c5 Rce8 21. Be5 Ba6 22. Red1 Nd7 23. Bd6 Re3 24. g4 h6 25. Rac1 Re2 26. a4 Ra2 27. Re1 Ree2 28. Rxe2 Bxe2 29. Rb1 Ba6 30. Re1 Re2 31. Rxe2 Bxe2 32. Be4 Bc4 33. g5 hxg5 34. fxg5 Bd5 35. Bxd5 cxd5 36. h4 g6 37. a5 a6 38. Kf2 f6 39. Ke3 Kf7 40. Kd4 Ke6 41. gxf6 Nxf6 42. Bf4 Ne4 43. Bc7 Nd2 44. Ke3 Nb3 45. Bb6 Kd7 46. Kf4 Kc6 47. Kg5 d4 0-1

[Event "RUS-ch (Women)"]
[Site "Elista"]
[Date "2001.??.??"]
[Round "3"]
[White "Vasilevich, Irina"]
[Black "Lopatskaya, Elena V"]
[Result "1/2-1/2"]
[WhiteElo "2179"]
[BlackElo "2297"]
[PlyCount "88"]
[EventDate "2001.??.??"]
[EventType "swiss"]
[EventRounds "9"]
[EventCountry "RUS"]
[SourceTitle "EXT 2002"]
[Source "ChessBase"]
[SourceDate "2001.11.25"]
[SourceVersion "1"]
[SourceVersionDate "2001.11.25"]
[SourceQuality "1"]

1. e4 d6 2. d4 Nf6 3. Nc3 c6 4. Nf3 g6 5. h3 Bg7 6. Be3 0-0 7. Qd2 b5 8. Bd3 Nbd7 9. e5 b4 10. Ne4 Nxe4 11. Bxe4 d5 12. Bd3 c5 13. Bb5 cxd4 14. Bxd4 a5 15. 0-0 Qc7 16. Rfe1 Nc5 17. Qe3 Ne6 18. Rac1 Ba6 19. Bxa6 Rxa6 20. c3 Rc6 21. cxb4 axb4 22. Rxc6 Qxc6 23. Rc1 Qa6 24. Bc5 Qxa2 25. Bxe7 Rb8 26. Bd6 Re8 27. Qd2 b3 28. Ba3 Bf8 29. Bxf8 Rxf8 30. Nd4 Qa4 31. Nxe6 fxe6 32. Rc7 Qe4 33. Rb7 Qxe5 34. Rxb3 Ra8 35. f4 Qf6 36. Rb6 g5 37. Qe3 gxf4 38. Qxe6+ Qxe6 39. Rxe6 Rb8 40. Rd6 Rb5 41. Kf2 Kf7 42. Kf3 Ke7 43. Rh6 Rxb2 44. Kxf4 Rxg2 1/2-1/2

[Event "St Petersburg White Nights (Women)"]
[Site "St Petersburg"]
[Date "2000.07.04"]
[Round "11"]
[White "Eidelson, Rakhil"]
[Black "Lopatskaya, Elena V"]
[Result "0-1"]
[WhiteElo "2333"]
[BlackElo "2328"]
[PlyCount "106"]
[EventDate "2000.06.23"]
[EventType "tourn"]
[EventRounds "10"]
[EventCountry "RUS"]
[EventCategory "1"]
[SourceTitle "CBM 076 Extra"]
[Source "ChessBase"]
[SourceDate "2000.07.11"]
[SourceVersion "1"]
[SourceVersionDate "2000.07.11"]
[SourceQuality "1"]

1. e4 d6 2. d4 Nf6 3. Nc3 g6 4. h3 c6 5. a4 Bg7 6. Nf3 0-0 7. Be3 a5 8. Be2 Na6 9. 0-0 Nb4 10. Qd2 Qc7 11. Rac1 Re8 12. Bh6 e5 13. Bxg7 Kxg7 14. dxe5 dxe5 15. Qe3 Be6 16. Ng5 Rad8 17. Nxe6+ Rxe6 18. Bc4 Red6 19. f4 Rd4 20. Bb3 R8d7 21. f5 Na6 22. fxg6 hxg6 23. Rxf6 Kxf6 24. Qh6 Ke7 25. Rf1 Qd6 26. Qh8 f6 27. Qg7+ Kd8 28. Qxg6 Nc5 29. Rxf6 Qe7 30. Kh2 Nxb3 31. cxb3 Rd2 32. Qg8+ Kc7 33. Qg5 Rxb2 34. Qf5 Rxb3 35. Nd1 Qc5 36. Nf2 b5 37. axb5 Rxb5 38. Ng4 a4 39. Qe6 Re7 40. Qg8 Rb8 41. Qa2 a3 42. Rf3 Ra8 43. Ne3 Qb4 44. Nc4 Rg7 45. Nxa3 Qxe4 46. Qb3 Qd5 47. Nc4 Rb8 48. Qc3 Rb5 49. Na3 Rc5 50. Qb4 Qd4 51. Qb1 e4 52. Rb3 Rxg2+ 53. Kh1 Rd2 0-1

[Event "St Petersburg White Nights (Women)"]
[Site "St Petersburg"]
[Date "2000.07.03"]
[Round "10"]
[White "Lopatskaya, Elena V"]
[Black "Sudakova, Irina"]
[Result "1/2-1/2"]
[WhiteElo "2328"]
[BlackElo "2213"]
[PlyCount "152"]
[EventDate "2000.06.23"]
[EventType "tourn"]
[EventRounds "10"]
[EventCountry "RUS"]
[EventCategory "1"]
[SourceTitle "CBM 076 Extra"]
[Source "ChessBase"]
[SourceDate "2000.07.11"]
[SourceVersion "1"]
[SourceVersionDate "2000.07.11"]
[SourceQuality "1"]

1. e4 c5 2. b3 Nc6 3. Bb2 d6 4. f4 e6 5. g3 Nf6 6. Bg2 Be7 7. e5 dxe5 8. fxe5 Nd5 9. Nf3 0-0 10. 0-0 b6 11. c4 Nc7 12. Nc3 Bb7 13. Ne2 Qd7 14. Nf4 Rad8 15. a3 f5 16. h4 g6 17. d3 Qc8 18. Rf2 Rd7 19. Bc3 Rfd8 20. Qe1 a5 21. Bh3 Rf8 22. Kh2 Rdd8 23. Rd1 Qa8 24. Bg2 Nd4 25. Bxd4 cxd4 26. Ra1 Qc8 27. Qc1 Na6 28. Qb2 Qd7 29. Ne1 Bxg2 30. Rxg2 Kf7 31. Nc2 h6 32. h5 g5 33. Ng6 Rg8 34. b4 a4 35. g4 f4 36. Re1 Nb8 37. Re4 Nc6 38. b5 Nb8 39. Rxd4 Qc7 40. Nxe7 Qxe7 41. Rxd8 Rxd8 42. d4 Qb7 43. Qc3 Qe4 44. Rf2 Rc8 45. Ne1 Nd7 46. Nf3 Nf8 47. Nd2 Qe1 48. Qf3 Rd8 49. d5 Qxe5 50. Re2 Qd4 51. dxe6+ Nxe6 52. Qc6 Rd6 53. Nf3 Rxc6 54. Nxd4 Rd6 55. Nf5 Rd3 56. Nxh6+ Kf6 57. Ng8+ Kf7 58. Nh6+ Kf6 59. Nf5 Nd4 60. Nxd4 Rxd4 61. Rc2 Rd3 62. c5 bxc5 63. Rxc5 Rxa3 64. Rf5+ Kg7 65. Rxg5+ Kh6 66. Rg6+ Kh7 67. Rf6 f3 68. Kg3 Rb3 69. Ra6 a3 70. b6 f2+ 71. Kxf2 Kh6 72. b7+ Kg5 73. Rxa3 Rxb7 74. Kg3 Rb5 75. Re3 Ra5 76. Kf3 Rb5 1/2-1/2

[Event "St Petersburg White Nights (Women)"]
[Site "St Petersburg"]
[Date "2000.06.30"]
[Round "7"]
[White "Sirotkina, Nina"]
[Black "Lopatskaya, Elena V"]
[Result "0-1"]
[WhiteElo "2284"]
[BlackElo "2328"]
[PlyCount "150"]
[EventDate "2000.06.23"]
[EventType "tourn"]
[EventRounds "10"]
[EventCountry "RUS"]
[EventCategory "1"]
[SourceTitle "CBM 076 Extra"]
[Source "ChessBase"]
[SourceDate "2000.07.11"]
[SourceVersion "1"]
[SourceVersionDate "2000.07.11"]
[SourceQuality "1"]

1. d4 d6 2. c4 Nd7 3. Nc3 e5 4. Nf3 c6 5. e4 Ngf6 6. Be2 Be7 7. 0-0 0-0 8. h3 a6 9. Be3 exd4 10. Nxd4 Re8 11. Qc2 Bf8 12. Rad1 Qc7 13. f4 Nc5 14. Bf3 Bd7 15. b4 Ne6 16. a3 Rad8 17. Nb3 g6 18. Qf2 Rc8 19. f5 Ng7 20. Bb6 Qb8 21. Bd4 Be7 22. Be2 gxf5 23. Qg3 Bd8 24. Qg5 Nfh5 25. Qh6 Re6 26. Qd2 Ng3 27. Bxg7 Nxf1 28. Rxf1 Kxg7 29. exf5 Re5 30. f6+ Bxf6 31. Qf4 Rf5 32. Qg4+ Kh8 33. Rxf5 Bxc3 34. Qf3 Bxf5 35. Qxc3+ Kg8 36. Qg3+ Kf8 37. Qf4 Bg6 38. h4 d5 39. Qh6+ Kg8 40. h5 Be4 41. Qg5+ Kf8 42. Qf6 Qg3 43. Bf1 Re8 44. Nc5 Re7 45. h6 b6 46. cxd5 Bxd5 47. Nd3 Ke8 48. Nf4 Qe3+ 49. Kh1 Be4 50. Qh8+ Kd7 51. Qb8 Bf5 52. Qb7+ Kd6 53. Qb8+ Rc7 54. Qd8+ Rd7 55. Qf6+ Be6 56. Bd3 Qe5 57. Qh4 Bf5 58. Bxa6 Kc7 59. Qf2 Qa1+ 60. Kh2 Qxa3 61. b5 cxb5 62. Bxb5 Qc5 63. Qxc5+ bxc5 64. Bxd7 Kxd7 65. Kg3 Kc6 66. Kf3 Kb5 67. g4 Bg6 68. Ke3 Kc4 69. g5 Kc3 70. Nxg6 fxg6 71. Ke4 c4 72. Ke5 Kd3 73. Kf6 c3 74. Kg7 Ke4 75. Kxh7 Kf5 0-1

[Event "RUS-ch (Women)"]
[Site "Elista"]
[Date "2000.05.18"]
[Round "8"]
[White "Lopatskaya, Elena V"]
[Black "Kursova, Maria"]
[Result "1-0"]
[WhiteElo "2328"]
[BlackElo "2091"]
[PlyCount "133"]
[EventDate "2000.05.11"]
[EventType "swiss"]
[EventRounds "9"]
[EventCountry "RUS"]
[SourceTitle "CBM 076 Extra"]
[Source "ChessBase"]
[SourceDate "2000.07.11"]
[SourceVersion "1"]
[SourceVersionDate "2000.07.11"]
[SourceQuality "1"]

1. Nf3 d5 2. b3 Nf6 3. Bb2 e6 4. e3 Be7 5. Ne5 Nbd7 6. f4 Nxe5 7. fxe5 Ne4 8. Qg4 0-0 9. Bd3 f5 10. Qh5 f4 11. Bxe4 dxe4 12. exf4 Rxf4 13. Nc3 Bc5 14. 0-0-0 Bd7 15. Rhf1 Qf8 16. Qe2 Bc6 17. Rxf4 Qxf4 18. Qc4 Qxe5 19. Nb5 Bxb5 20. Qxb5 Qd5 21. c4 a6 22. Qa5 Qc6 23. Qc3 Bf8 24. Qe5 b5 25. Kb1 bxc4 26. Rc1 Qd5 27. Rxc4 Qd3+ 28. Ka1 Qf1+ 29. Rc1 Qxg2 30. Rxc7 Kh8 31. Bc3 Rd8 32. h4 Qh1+ 33. Kb2 Qxh4 34. Qxe6 Qg3 35. Rf7 Qg6 36. Qxg6 hxg6 37. Ra7 Rd6 38. Bb4 Rd8 39. Bxf8 Rxf8 40. Rxa6 g5 41. Re6 Rf4 42. Kc3 g4 43. Kd4 g5 44. Rg6 Kh7 45. Rxg5 Kh6 46. Rg8 Kh7 47. Rc8 g3 48. Rc1 Kg6 49. a4 Kf5 50. a5 Rf3 51. Kc4 Rd3 52. a6 Rxd2 53. Ra1 Rd8 54. b4 g2 55. b5 e3 56. a7 e2 57. b6 Rd1 58. a8Q g1Q 59. Ra5+ Kf4 60. Qf8+ Ke4 61. Qe7+ Kf4 62. Qf6+ Ke3 63. Ra3+ Ke4 64. Qf3+ Ke5 65. Ra5+ Ke6 66. Qf5+ Ke7 67. Ra7+ 1-0

[Event "RUS-ch (Women)"]
[Site "Elista"]
[Date "2000.05.16"]
[Round "6"]
[White "Lopatskaya, Elena V"]
[Black "Ovchinnikova, Julia"]
[Result "0-1"]
[WhiteElo "2328"]
[BlackElo "2221"]
[PlyCount "58"]
[EventDate "2000.05.11"]
[EventType "swiss"]
[EventRounds "9"]
[EventCountry "RUS"]
[SourceTitle "CBM 076 Extra"]
[Source "ChessBase"]
[SourceDate "2000.07.11"]
[SourceVersion "1"]
[SourceVersionDate "2000.07.11"]
[SourceQuality "1"]

1. Nf3 d5 2. b3 Bg4 3. Bb2 Nd7 4. g3 e6 5. Bg2 Ngf6 6. 0-0 Bd6 7. c4 c6 8. d4 0-0 9. Nbd2 Qb8 10. Rc1 Re8 11. Re1 a5 12. a3 e5 13. cxd5 cxd5 14. dxe5 Nxe5 15. Qc2 Ra6 16. Nd4 Bd7 17. Nf1 Neg4 18. h3 Ne5 19. Ne3 Nc6 20. Qd3 Nxd4 21. Qxd4 Be5 22. Qd2 Bxb2 23. Qxb2 Rxe3 24. fxe3 Qxg3 25. e4 Bxh3 26. e3 Nxe4 27. Re2 Rh6 28. Qd4 Ng5 29. Qf4 Nf3+ 0-1

[Event "RUS-ch (Women)"]
[Site "Elista"]
[Date "2000.05.14"]
[Round "4"]
[White "Lopatskaya, Elena V"]
[Black "Timurova, Lilia"]
[Result "1-0"]
[WhiteElo "2328"]
[BlackElo "2114"]
[PlyCount "41"]
[EventDate "2000.05.11"]
[EventType "swiss"]
[EventRounds "9"]
[EventCountry "RUS"]
[SourceTitle "CBM 076 Extra"]
[Source "ChessBase"]
[SourceDate "2000.07.11"]
[SourceVersion "1"]
[SourceVersionDate "2000.07.11"]
[SourceQuality "1"]

1. e4 c5 2. Nf3 d6 3. c3 Nf6 4. Be2 Nc6 5. d4 cxd4 6. cxd4 e6 7. Nc3 Be7 8. 0-0 0-0 9. Re1 d5 10. e5 Ne4 11. Bd3 Nxc3 12. bxc3 Bd7 13. h4 Re8 14. Ng5 Bxg5 15. Bxg5 Ne7 16. Qh5 h6 17. Bxh6 gxh6 18. Re3 Ng6 19. Bf5 exf5 20. Rg3 Kf8 21. Qxh6+ 1-0

[Event "Moscow-ch (Women)"]
[Site "Moscow"]
[Date "2000.??.??"]
[Round "6"]
[White "Lopatskaya, Elena V"]
[Black "Mirzoeva, Elmira"]
[Result "1-0"]
[WhiteElo "2328"]
[BlackElo "2258"]
[PlyCount "125"]
[EventDate "2000.??.??"]
[EventType "swiss"]
[EventRounds "9"]
[EventCountry "RUS"]
[SourceTitle "EXT 2001"]
[Source "ChessBase"]
[SourceDate "2000.11.22"]
[SourceVersion "1"]
[SourceVersionDate "2000.11.22"]
[SourceQuality "1"]

1. e4 c5 2. Nf3 e6 3. b3 d6 4. Bb2 Nf6 5. e5 dxe5 6. Nxe5 Nbd7 7. Bb5 Be7 8. Qf3 0-0 9. Bxd7 Nxd7 10. Ng4 Nf6 11. Ne3 Rb8 12. Qg3 Bd7 13. d3 Bc6 14. Nd2 Nh5 15. Qg4 Bf6 16. Bxf6 Nxf6 17. Qg3 b5 18. 0-0 Rc8 19. Kh1 Qc7 20. f4 Rfd8 21. Qg5 h6 22. Qh4 Rd4 23. Qf2 Rcd8 24. Kg1 Nd5 25. Nxd5 Bxd5 26. Qe3 Bb7 27. Rf2 Ba6 28. f5 exf5 29. Rxf5 Bc8 30. Re5 Be6 31. Rf1 Qc8 32. h3 R4d5 33. Rxd5 Rxd5 34. c4 Rd4 35. Nf3 Rd6 36. cxb5 Qd7 37. Qxc5 Rd5 38. Qc6 Qe7 39. d4 Kh7 40. Qc3 Rxb5 41. Qd3+ Rf5 42. g4 g6 43. gxf5 Bxf5 44. Qd2 Bxh3 45. Re1 Qd7 46. Ne5 Qd5 47. Re3 Bf5 48. Qc3 Kg7 49. Qc4 Qb7 50. a4 Be6 51. Qc3 Qd5 52. Qd2 f6 53. Nf3 g5 54. Qb4 Qd7 55. Qc5 Kf7 56. Rc3 Kg6 57. Qc6 Qxc6 58. Rxc6 Bxb3 59. Ra6 Bd5 60. Ne5+ Kf5 61. Nd7 Be6 62. Ra5+ Kg6 63. Nf8+ 1-0

[Event "RUS-ch49 (Women)"]
[Site "Moscow"]
[Date "1999.05.15"]
[Round "1"]
[White "Lopatskaya, Elena V"]
[Black "Verevotchkina, Elena"]
[Result "1-0"]
[WhiteElo "2284"]
[BlackElo "2150"]
[PlyCount "47"]
[EventDate "1999.05.??"]
[EventType "swiss"]
[EventRounds "9"]
[EventCountry "RUS"]
[SourceTitle "CBM 070 Extra"]
[Source "ChessBase"]
[SourceDate "1999.07.10"]
[SourceVersion "1"]
[SourceVersionDate "1999.07.10"]
[SourceQuality "1"]

1. e4 c5 2. b3 e6 3. Bb2 a6 4. c4 Nc6 5. Nf3 Qc7 6. Be2 Nf6 7. Nc3 b6 8. 0-0 Bd6 9. h3 Bb7 10. Re1 Nh5 11. d4 cxd4 12. Nxd4 Nf4 13. Bf1 Be7 14. Rc1 Nxd4 15. Qxd4 Bc5 16. Qd2 f5 17. Nd5 exd5 18. exd5+ Kf7 19. Be5 Nxh3+ 20. gxh3 Bd6 21. Qf4 Bxe5 22. Rxe5 Rhc8 23. Rxf5+ Kg8 24. Rf8+ 1-0

[Event "RUS-ch (Women)"]
[Site "Elista"]
[Date "1997.09.25"]
[Round "7"]
[White "Lopatskaya, Elena V"]
[Black "Manakova, Maria"]
[Result "1-0"]
[WhiteElo "2255"]
[BlackElo "2345"]
[PlyCount "81"]
[EventDate "1997.09.19"]
[EventType "swiss"]
[EventRounds "11"]
[EventCountry "RUS"]
[SourceTitle "EXT 1998"]
[Source "ChessBase"]
[SourceDate "1997.11.17"]
[SourceVersion "1"]
[SourceVersionDate "1997.11.17"]
[SourceQuality "1"]

1. e4 c5 2. b3 d6 3. Bb2 e6 4. Nf3 Nf6 5. e5 dxe5 6. Nxe5 Be7 7. Bd3 0-0 8. 0-0 Qc7 9. Qf3 Nbd7 10. Re1 Re8 11. g4 Nxe5 12. Bxe5 Qd8 13. Nc3 Nd7 14. Bxh7+ Kxh7 15. Qxf7 Bf6 16. Bd6 Bd4 17. Ne4 Nf6 18. g5 Nxe4 19. g6+ Kh8 20. Rxe4 Bd7 21. c3 Bf6 22. Re3 e5 23. Qc4 b6 24. d4 Be6 25. Qe2 Qxd6 26. dxe5 Qd5 27. Rd1 Qxd1+ 28. Qxd1 Bg5 29. Qh5+ Bh6 30. f4 Rf8 31. Rf3 Rf5 32. Qh4 Raf8 33. Qe7 Bd5 34. Rd3 Be4 35. Rd8 Kg8 36. Qe6+ Kh8 37. Qd6 Kg8 38. Qe6+ Kh8 39. Qe7 Kg8 40. e6 Bxf4 41. Qf7+ 1-0

[Event "RUS-ch (Women)"]
[Site "Elista"]
[Date "1997.09.21"]
[Round "3"]
[White "Lopatskaya, Elena V"]
[Black "Kovalevskaya, Ekaterina"]
[Result "1-0"]
[WhiteElo "2255"]
[BlackElo "2350"]
[PlyCount "153"]
[EventDate "1997.09.19"]
[EventType "swiss"]
[EventRounds "11"]
[EventCountry "RUS"]
[SourceTitle "EXT 1998"]
[Source "ChessBase"]
[SourceDate "1997.11.17"]
[SourceVersion "1"]
[SourceVersionDate "1997.11.17"]
[SourceQuality "1"]

1. Nf3 Nf6 2. c4 g6 3. b4 Bg7 4. Bb2 0-0 5. e3 d6 6. Be2 e5 7. d3 h6 8. Nbd2 Be6 9. Qc2 Nfd7 10. d4 f5 11. d5 Bf7 12. e4 f4 13. c5 dxc5 14. bxc5 c6 15. Nc4 cxd5 16. exd5 Bxd5 17. Qxg6 Bf7 18. Qd6 Qf6 19. 0-0 Qxd6 20. Nxd6 Nc6 21. Nf5 Nxc5 22. Nxg7 Kxg7 23. Nxe5 Na4 24. Nxf7+ Nxb2 25. Nd6 Nd4 26. Bg4 Rf6 27. Nxb7 Rb8 28. Nc5 Rb5 29. Nb3 Nxb3 30. axb3 a6 31. Be2 Rxb3 32. Bxa6 Rb4 33. Rfc1 Na4 34. Rc7+ Kf8 35. Rd1 Re6 36. h4 Nb6 37. Rb7 Re7 38. Rb8+ Re8 39. Rxe8+ Kxe8 40. Rd6 h5 41. Rh6 Rb1+ 42. Kh2 Rb2 43. f3 Nd5 44. Rxh5 Ne3 45. Rg5 Kf7 46. h5 Rb6 47. Bd3 Rd6 48. Be4 Rd1 49. h6 Nf1+ 50. Kh3 Ne3 51. Rg7+ Kf6 52. Rg6+ Ke5 53. Kh4 Rg1 54. Rg8 Nf5+ 55. Bxf5 Kxf5 56. Rf8+ Kg6 57. Rxf4 Kxh6 58. g3 Kg6 59. Ra4 Rb1 60. Kg4 Rb6 61. f4 Kf6 62. Ra5 Rc6 63. Ra3 Rb6 64. Kf3 Rc6 65. g4 Kg6 66. g5 Kh5 67. Ra5 Rb6 68. Rd5 Ra6 69. Rd1 Ra3+ 70. Ke4 Ra4+ 71. Ke5 Ra5+ 72. Rd5 Ra4 73. Kf5 Ra8 74. Rd6 Ra5+ 75. Kf6 Ra8 76. g6 Rf8+ 77. Ke7 1-0

[Event "Moscow-ch (Women)"]
[Site "Moscow"]
[Date "1997.??.??"]
[Round "10"]
[White "Fatalibekova, Elena"]
[Black "Lopatskaya, Elena V"]
[Result "0-1"]
[WhiteElo "2305"]
[BlackElo "2240"]
[PlyCount "96"]
[EventDate "1997.??.??"]
[EventType "tourn"]
[EventRounds "11"]
[EventCountry "RUS"]
[SourceTitle "EXT 2000"]
[Source "ChessBase"]
[SourceDate "1999.11.16"]
[SourceVersion "1"]
[SourceVersionDate "1999.11.16"]
[SourceQuality "1"]

1. d4 Nf6 2. c4 c5 3. d5 e5 4. Nc3 d6 5. e4 Be7 6. f4 exf4 7. Bxf4 0-0 8. Bd3 Bg4 9. Nf3 Nbd7 10. 0-0 Nh5 11. Be3 Ne5 12. Be2 Bxf3 13. gxf3 Bg5 14. Qd2 Bxe3+ 15. Qxe3 Ng6 16. Kh1 Qf6 17. Rg1 Nhf4 18. Bf1 Qe5 19. Qf2 Rae8 20. Qg3 a6 21. Rd1 f5 22. Rd2 Kh8 23. exf5 Qxf5 24. Ne4 Rxe4 25. fxe4 Qxe4+ 26. Bg2 Qxc4 27. b3 Qb4 28. Rf2 Qd4 29. Rgf1 b5 30. Qg4 h6 31. Qd7 Qe5 32. Qg4 Rf6 33. Qg3 Qd4 34. Qg4 c4 35. Qc8+ Kh7 36. bxc4 bxc4 37. Qe8 Ne5 38. Qa4 Ng4 39. Qc2+ Kh8 40. Rd2 Qe5 41. Rb1 Nd3 42. Bf1 Qxd5+ 43. Bg2 Qe5 44. Bf1 Ndf2+ 45. Rxf2 Nxf2+ 46. Kg1 d5 47. Rb7 Qg5+ 48. Bg2 Nh3+ 0-1

[Event "RUS-ch (Women) sf"]
[Site "Kolontaevo"]
[Date "1997.??.??"]
[Round "?"]
[White "Lopatskaya, Elena V"]
[Black "Kulish, Oksana"]
[Result "1-0"]
[WhiteElo "2240"]
[BlackElo "2160"]
[PlyCount "79"]
[EventDate "1997.??.??"]
[EventType "swiss"]
[EventRounds "9"]
[EventCountry "RUS"]
[SourceTitle "EXT 1999"]
[Source "ChessBase"]
[SourceDate "1998.11.16"]
[SourceVersion "1"]
[SourceVersionDate "1998.11.16"]
[SourceQuality "1"]

1. Nf3 Nf6 2. b3 e6 3. Bb2 b6 4. e3 c5 5. d4 Bb7 6. Bd3 Be7 7. 0-0 0-0 8. c4 cxd4 9. exd4 d5 10. Nbd2 Nc6 11. Rc1 Rc8 12. Qe2 Re8 13. Rfd1 Bf8 14. h3 g6 15. Qe3 Bg7 16. Ne5 Nd7 17. f4 Ncxe5 18. fxe5 f6 19. Nf3 fxe5 20. dxe5 Qe7 21. Re1 Rf8 22. Rcd1 Nc5 23. Ba3 dxc4 24. Bxc4 Bxf3 25. gxf3 Qh4 26. Kg2 Rf5 27. f4 Rxf4 28. Bxc5 Rxc5 29. Bxe6+ Kh8 30. Rd8+ Bf8 31. Bc4 Rf5 32. Re8 Kg7 33. Rd1 Rc7 34. Rd2 h5 35. e6 Re7 36. Rd7 Rxd7 37. exd7 Rg5+ 38. Kf1 Bc5 39. Rg8+ Kf6 40. d8Q+ 1-0

[Event "RUS-ch (Women) sf"]
[Site "Kolontaevo"]
[Date "1997.??.??"]
[Round "?"]
[White "Savitskaya, Ekaterina P"]
[Black "Lopatskaya, Elena V"]
[Result "1-0"]
[WhiteElo "2220"]
[BlackElo "2240"]
[PlyCount "101"]
[EventDate "1997.??.??"]
[EventType "swiss"]
[EventRounds "9"]
[EventCountry "RUS"]
[SourceTitle "EXT 1999"]
[Source "ChessBase"]
[SourceDate "1998.11.16"]
[SourceVersion "1"]
[SourceVersionDate "1998.11.16"]
[SourceQuality "1"]

1. d4 Nf6 2. c4 c5 3. d5 b5 4. cxb5 e6 5. Nc3 exd5 6. Bg5 d4 7. Nd5 Be7 8. Bxf6 Bxf6 9. g3 Bb7 10. Bg2 Qc8 11. Nh3 d6 12. Nhf4 Nd7 13. 0-0 Be5 14. Qd2 Rb8 15. e3 g5 16. exd4 cxd4 17. Rac1 Qd8 18. Nc7+ Ke7 19. Nfd5+ Kf8 20. f4 gxf4 21. Nxf4 Kg8 22. Nh5 Bxg2 23. Kxg2 h6 24. Nd5 Qg5 25. Qe2 Nc5 26. Qf3 Rf8 27. Ndf6+ Bxf6 28. Nxf6+ Kg7 29. b4 Ne6 30. Nd7 Qxb5 31. Qf6+ Kh7 32. Nxf8+ Rxf8 33. Qf5+ Qxf5 34. Rxf5 Kg6 35. Rd5 Rb8 36. a3 Rb6 37. Rc4 Ra6 38. Ra5 Rxa5 39. bxa5 Kf5 40. Kf3 Ke5 41. Rc8 Ng5+ 42. Ke2 Ke4 43. Re8+ Ne6 44. a6 d3+ 45. Kd1 Ke3 46. Re7 d2 47. Rxa7 Nd4 48. Re7+ Kd3 49. Rxf7 Nb5 50. Rf3+ Ke4 51. Rb3 1-0